000 00663cam a2200265 4500
001 J2509
008 090401t1994 xxu||||| |||| 00| 0 eng d
035 _a(Sirsi) u49490
041 _aeng
050 _a336.21
110 _aGrimley J R Eve
_9610
245 4 _aThe effects of the 1995 rating revaluation.
260 _aLondon
_bGrimley J R Eve
_c1994
300 _a(8)p. ; 30cm.
350 _a0
650 _aINDUSTRIAL PROPERTY
650 _aNON-DOMESTIC RATING
650 _aOFFICES
650 _aRATING REVALUATION
650 _aRENT
650 _aUNIFORM BUSINESS RATE
690 _aRATING AND VALUATION
942 _n0
948 _c04/03/1997
999 _c92568
_d92568